00348 a2200121 4500001000700000020000600007040001100013100002700024240008000051245007500131362000900206440001100215166477 a  cMagnum aMello, Guiomar Namo de10aCidadania e competitividade: desafios educacionais do terceiro mileniolpor10aCidadania e competitividade: desafios educacionais do terceiro milenio0 a1899 1aCortez